|
|
|
|
| LEADER |
00000nam a2200000 4500 |
| 001 |
vtls012230192 |
| 003 |
SK-MaSNL |
| 005 |
20260302002742.0 |
| 008 |
230523t1771 xxka r 001 0 lat |
| 015 |
|
|
|a SNBHFA1771
|
| 040 |
|
|
|a SNKHF
|b slo
|c SNK
|e rda
|
| 041 |
|
|
|a lat
|
| 044 |
|
|
|a uk
|c GB
|
| 072 |
|
7 |
|a 821.09
|x Literatúra v rôznych jazykoch (o nej)
|2 konspekt
|
| 080 |
|
|
|a 821(37/38)
|2 2001
|
| 100 |
1 |
|
|a Cicero, Marcus Tullius,
|d 106 pred Kr.-43 pred Kr.
|4 aut
|9 53145
|
| 245 |
1 |
0 |
|a M. Tullii Ciceronis Ad Q. Fratrem Dialogi Tres De Oratore.
|b Ex MSS. emendavit, Notisque illustravit Zacharias Pearce, Decanus Wintoniensis, Nunc vero Episcopus Roffensis. Quia de Oratore quaerimus, fingendus est nobis oratione nostra detractis omnibus vitiis Orator. i. 26.
|
| 246 |
3 |
0 |
|a Dialogi Tres De Oratore.
|b Ex MSS. emendavit, Notisque illustravit Zacharias Pearce, Decanus Wintoniensis, Nunc vero Episcopus Roffensis. Quia de Oratore quaerimus, fingendus est nobis oratione nostra detractis omnibus vitiis Orator. i. 26.
|
| 250 |
|
|
|a Editio Quarta
|
| 264 |
|
3 |
|a Londini
|b Typis et Impensis G. Bowyer et J. Nichols
|c MDCCLXXI (1771)
|
| 300 |
|
|
|a 8, 425 strán, 72 nečíslovaných strán
|c 22 cm
|
| 336 |
|
|
|a text
|b txt
|2 rdacontent
|
| 337 |
|
|
|a bez média
|b n
|2 rdamedia
|
| 338 |
|
|
|a zväzok
|b nc
|2 rdacarier
|
| 500 |
|
|
|a Kustódy, ozdobné linky
|
| 504 |
|
|
|a Tlačené vysvetlivky a komentáre pod textom, register
|
| 563 |
|
|
|a Väzba pôvodná, kožená.
|5 SNK IC 145711
|
| 650 |
0 |
7 |
|a antická literatúra
|2 SNKPH
|9 92203
|
| 700 |
1 |
|
|a Pearce, Zachary,
|d 1690-1774
|4 cwt
|9 507877
|
| 700 |
1 |
|
|a Nicols, John,
|d 1701-1773
|4 prt
|9 640539
|
| 700 |
1 |
|
|a Bowyer, William
|4 prt
|9 467815
|
| 710 |
1 |
|
|a G. Bowyer et J. Nichols (Londýn, Veľká Británia)
|4 prt
|9 640540
|
| 752 |
|
|
|a Veľká Británia
|d Londýn
|
| 852 |
|
|
|a snk
|b Aponiovská knižnica
|p IC 145711
|
| 958 |
|
|
|a DD
|
| 958 |
|
|
|a ONDV
|
| 999 |
|
|
|c 989213
|d 991143
|
| 952 |
|
|
|t Op. II/254
|a SNK
|b SNK
|c SNK_HF
|y PREZ
|7 0
|p 17A1484707
|o snkIC 145711
|i snk2023/8258
|8 5
|0 0
|1 0
|4 0
|d 2023-05-23
|l 0
|r 2026-02-24 11:44:06
|w 2026-02-24
|